| 000 | 01459nam a2200241Ia 4500 | ||
|---|---|---|---|
| 999 |
_c51986 _d51986 |
||
| 001 | 18989 | ||
| 003 | GE_BSU | ||
| 005 | 20220920155305.0 | ||
| 008 | 181216s2008||||ge |||||||||||||| ||geo|| | ||
| 040 | _cGE_BSU | ||
| 041 | _ageo | ||
| 080 | _a81 გ-72 | ||
| 100 |
_aგორჯელაძე, ი. _910665 |
||
| 245 |
_aრემარკის როლი და ფუნქცია ინგლისურენოვან მოდერნისტულ დრამაში: დისერტაცია / _cი. გორჯელაძე; სამეცნიერო ხელმძღვანელი თ. ჯაფარიძე; ბათუმის შოთა რუსთაველის სახელმწიფო უნივერსიტეტი. |
||
| 264 |
_aბათუმი, _b _c2008. |
||
| 300 |
_a114 გვ. _b30 სმ. |
||
| 653 | _aდისერტაცია | ||
| 653 | _aლიტმცოდნეობა | ||
| 653 | _aრემარკის როლი და ფუნქცია ინგლისურენოვან მოდერნისტულ დრამაში. | ||
| 700 |
_aჯაფარიძე, თ. _eსამეცნიერო ხელმძღვანელი _910666 |
||
| 710 |
_aბათუმის შოთა რუსთაველის სახელმწიფო უნივერსიტეტი _910667 |
||
| 942 |
_cBK _2udc |
||